Which US City is Bigger? - Statistics

General Stats
  • This quiz has been taken 41 times
  • The average score is 10 of 20
Answer Stats
Question Answer % Correct
Minneapolis or St. Paul? Minneapolis
100%
Milwaukee or Chicago Chicago
88%
Tucson or Albuquerque? Albuquerque
75%
Boise or Baton Rouge? Boise
75%
Houston or Dallas? Houston
75%
New York or San Antonio New York
75%
Seattle or Oklahoma City? Seattle
75%
San Francisco or San Diego? San Diego
63%
Fort Worth or Austin? Austin
50%
Phoenix or Philadelphia? Phoenix
50%
Sioux Falls or Sioux City? Sioux Falls
50%
Denver or Las Vegas? Denver
38%
Miami or Long Beach? Long Beach
38%
Louisville or Memphis? Louisville
38%
Bakersfield or Tulsa? Tulsa
38%
Charlotte or Washington DC? Charlotte
13%
Sacramento or Fresno? Fresno
13%
Detroit or Indianapolis? Indianapolis
13%
Des Moines or Winston-Salem? Winston-Salem
13%
Salt Lake City or Reno? Reno
0%
No matching quizzes found
Score Distribution
Percent of People with Each Score
Percentile by Number Answered
Your Score History
You have not taken this quiz